| 000 | 00429nam a2200121Ia 4500 | ||
|---|---|---|---|
| 008 | 220620s9999||||xx |||||||||||||| ||und|| | ||
| 245 | 0 | _aNew Applications of Artificial Intelligence | |
| 546 | _aEnglish[eng] | ||
| 650 | _aNeural networks & fuzzy systems | ||
| 700 | _aPonce, Pedro||Molina Gutierrez, Arturo||Rodriguez, Jaime | ||
| 856 | _uhttps://mts.intechopen.com/storage/books/5127/authors_book/authors_book.pdf | ||
| 942 | _cEB | ||
| 999 |
_c28891 _d28891 |
||